000 00680nam a2200253Ia 4500
003 OSt
005 20220926013952.0
006 a|||||r|||| 00| 0
007 ta
008 220923b |||||||| |||| 00| 0 eng d
037 _cGeneral Book
040 _aRTL
_cRTL
_beng
041 _2eng
_aeng
082 _aU2, L5;M4
100 _aStrahler Arthur N
245 0 _aExercises in physical geogrpahy
250 _a3rd
260 _aNew York
_bJohn Wiley USA
_c1984
300 _a320p.
_ccm.
650 _aPhysical Geography
700 _a Strahler Alan H
942 _hU2, L5;M4
_cGB
_2CC
999 _c627333
_d627333